00619nam a2200229 a 4500003000900000005001700009008004100026040001300067100002200080245006100102250001200163260003300175300001500208650002700223650001200250650003100262650002100293650001400314650001600328653002500344700002000369AR-BaBNM20251128202937.0082120s2002 ||||||||||||||000 | spa|| cAR-BaBNM1 aEcker, Olga S. de00aMoi, je parle français et vous...? Guide du professeur a1ª ed. aBuenos AiresbKapeluszc1974 a56 p.bil. 4aENSEÑANZA DE IDIOMAS 4aFRANCES 4aACTIVIDADES DE APRENDIZAJE 4aGUIA DEL DOCENTE 4aGRAMATICA 4aVOCABULARIO aEDUCACION SECUNDARIA1 aGamondi, Clelia